| 000 | 00899nam a2200217 a 4500 | ||
|---|---|---|---|
| 003 | 0 | ||
| 005 | 20250310095756.0 | ||
| 008 | 080730s19uu xx 00 eng d | ||
| 050 |
_aPGS LB 3013 _b.L732 2008 |
||
| 100 | _aLim, Kang Min. | ||
| 245 |
_aPerceptions of the Filipino students on classroom behavior of foreign students in SISC / _cKang Min Lim. |
||
| 260 |
_aLas PiƱas City, Philippines : _bSouthville International School and Colleges, _c2008. |
||
| 300 |
_a35 pages : _billustrations ; _c28 cm. |
||
| 504 | _aIncludes bibliographical references. | ||
| 650 |
_aStudent behavior _vCross-cultural studies. |
||
| 650 |
_aClassroom environment _vSocial aspects. |
||
| 650 |
_aForeign students _vSocial adjustment _zPhilippines. |
||
| 650 |
_aMulticultural education _vStudent perceptions. |
||
| 650 |
_aInterpersonal relations in adolescence _vSchool setting. |
||
| 942 |
_2lcc _cPASS |
||
| 999 |
_c98008 _d98008 |
||